Películas por foto #2 - Estadísticas

Estadísticas generales
  • Esta prueba ha sido intentada 803 veces
  • La puntuación promedio es 10 de 16
Estadísticas de respuestas
Imagen Respuesta % Correcto
Blancanieves
99%
El rey león
99%
King Kong
93%
Volver al futuro
92%
Jurassic Park
90%
Piratas del Caribe
90%
Coraline
79%
El Resplandor
75%
Top Gun
73%
Tiempos violentos
64%
El Sexto Sentido
48%
El diario de Bridget Jones
42%
Como si fuera la primera vez
28%
Papá por siempre
22%
El hombre bicentenario
17%
Milagro en la Calle 34
4%
No se encontraron pruebas coincidentes
Distribución de puntuación
Porcentaje de gente con cada puntuación
Porcentaje por número respondido
Historial de tus puntuaciones
No has intentado esta prueba.